OrCAD PSpice para windows

Uloženo v:
Podrobná bibliografie
Hlavní autor: Goody, Roy W (Autor)
Médium: Kniha
Jazyk:španělština
Vydáno: Madrid Prentice Hall 2003
Témata:
Tagy: Přidat tag
Žádné tagy, Buďte první, kdo vytvoří štítek k tomuto záznamu!

MARC

LEADER 00000nam a2200000 a 4500
001 UCM6707
003 CL-VaPUC
008 021122e20030000SP |||||||||||||||||spa|d
082 0 4 |a 621.38150113  |b GOO  |2 21 
100 0 |a Goody, Roy W  |e author  |9 472500 
245 1 0 |a OrCAD PSpice para windows 
300 |a v 
942 |c BK 
945 |d 20021122 00:00:00  |a vberengu 
260 |a Madrid  |b Prentice Hall  |c 2003 
500 |a v.1: Circuitos DC y AC 
500 |a v.2: Dispositivos, circuitos y amplificadores operacionales 
650 7 |a PSPICE  |2 CL-VaPUC  |9 472501 
650 7 |a ORCAD  |2 CL-VaPUC  |9 472502 
650 0 |a Circuitos  |9 263339 
583 |a last modification  |c 20021122 00:00:00  |k Rodrigo Vera 
999 |c 301940  |d 301938 
952 |0 0  |1 0  |2 ddc  |4 0  |6 621_381501130000000_GOO_2003  |7 0  |8 A  |9 361853  |a BIBING  |b BIBING  |c RES  |d 2019-11-21  |h v.1  |i 3861562  |o 621.38150113 GOO 2003  |p 3861562  |r 2025-01-20  |w 2019-11-21  |y BK  |k EIE 
952 |0 0  |1 0  |2 ddc  |4 0  |6 621_381501130000000_GOO_2003  |7 0  |8 A  |9 361854  |a BIBING  |b BIBING  |c RES  |d 2019-11-21  |i 3939693  |o 621.38150113 GOO 2003  |p 3939693  |r 2025-01-20  |w 2019-11-21  |y BK  |k EIE 
952 |0 0  |1 0  |2 ddc  |4 0  |6 621_381501130000000_GOO_2003  |7 0  |8 A  |9 361855  |a BIBING  |b BIBING  |c RES  |d 2019-11-21  |h v.2  |i 3961648  |o 621.38150113 GOO 2003  |p 3961648  |r 2025-01-20  |w 2019-11-21  |y BK  |k EIE